Statistics for Biggest Cities in the European Union by Letter - S

Click here to take the quiz!

General Stats

  • This quiz has been taken 319 times
  • The average score is 12 of 20

Answer Stats

RankPopulationCountryHintCity% Correct
11,236,000BulgariaCapital, LargoSofia
100%
2936,000SwedenNobel Prizes, Gamla stanStockholm
99%
3691,000SpainAndalusia, The Barber of...Sevilla
97%
4624,000GermanyMercedes-Benz, River NeckarStuttgart
91%
7276,000FranceCouncil of Europe, AlsaceStrasbourg
87%
5536,000United KingdomSnooker, oldest soccer clubSheffield
81%
20167,000CroatiaCoastal city, DalmatiaSplit
79%
9266,000United KingdomRMS Titanic, "Soton"Southampton
78%
14182,000United KingdomSecond-largest Welsh city, AbertaweSwansea
72%
16178,000GermanyCapital of the SaarlandSaarbrücken
59%
6405,000PolandDucal Castle, near the German borderSzczecin
58%
18173,000SpainBank which sponsors Formula One teamsSantander
50%
8273,000United KingdomThe Potteries, SCFCStoke-on-Trent
49%
19171,000FranceMassif Central, Les Verts Saint-Étienne
38%
17175,000United KingdomNational Glass CentreSunderland
38%
12204,000SpainTenerifeSanta Cruz de Tenerife
37%
15181,000United KingdomLondon airport, longest leisure pier in the worldSouthend-on-Sea
36%
13189,000United KingdomThe National Trust, WiltshireSwindon
32%
11206,000PolandSuburb of KatowiceSosnowiec
19%
10208,000SpainBarcelona suburbSabadell
18%

Score Distribution

Percentile by Number Answered

Percent of People with Each Score

Your Score History

You have not taken this quiz